000 00555nam a2200193 i 4500
001 128514
003 ES-MaACL
005 20250809063519.0
007 t|
008 070516s1968 sp |||| | spa d
100 1 _aTamames, Ramón,
_d1933-
_9237391
245 1 0 _aIntroducción a la economía española /
_cRamón Tamames.
250 _a2ª ed.
260 _aMadrid :
_bAlianza,
_c1968.
300 _a501 p. ;
_c18 cm.
651 4 _aEspaña-
_xSituación económica-
_yS.XX.
_98505
852 _aES-MaACL
_jE-8689
999 _c128514
_d128514